[Event "LAT-ch"]
[Site "?"]
[Date "1994.??.??"]
[Round "7"]
[White "Permiakov, Vladimir"]
[Black "Fridman, Daniel"]
[Result "1/2-1/2"]
[WhiteElo "2200"]
[BlackElo "2440"]

1.Nf3 d5 2.g3 Nc6 3.d4 g6 4.Bg2 Bg7 5.O-O Bg4 6.c4 Bxf3 7.Bxf3 Nxd4 8.Bxd5 c6
9.Bg2 Qb6 10.Nd2 h5 11.Nf3 O-O-O 12.Nxd4 Bxd4 13.Qc2 Nf6 14.e3 Be5 15.h3 Nd7
16.Rb1 a5 17.a3 a4 18.Qxa4 Nc5 19.Qb4 Qxb4 20.axb4 Nb3 21.b5 Kc7 22.bxc6 bxc6
23.Be4 f5 24.Bf3 Rd7 25.Rd1 Rhd8 26.Rxd7+ Rxd7 27.Kg2 Kb6 28.e4 Nxc1 29.Rxc1 f4
30.gxf4 Bxf4 31.c5+ Kb5 32.Rc2 Rd2 33.Rxd2  1/2-1/2

[Event "Lazne Bohdanec"]
[Site "Lazne Bohdanec"]
[Date "1994.??.??"]
[Round "4"]
[White "Hausner, Ivan"]
[Black "Haba, Petr"]
[Result "1/2-1/2"]
[WhiteElo "2480"]
[BlackElo "2475"]

1.Nf3 d5 2.g3 Nf6 3.Bg2 c6 4.O-O Bf5 5.d3 e6 6.Nbd2 h6 7.Qe1 a5 8.e4 Bh7
9.e5 Nfd7 10.Qe2 Qc7 11.Re1 a4 12.a3 Be7 13.Nf1 c5 14.h4 Nc6 15.Bf4 Nd4 16.Nxd4 cxd4
17.h5 Qb6 18.Rab1 O-O 19.Nh2 Rfc8 20.g4 Ra5 21.b4 axb3 22.Rxb3 Qc7 23.Nf3 Rxa3
24.Rb2 b6 25.Bd2 Ra4 26.Bh3 Qa7 27.g5 hxg5 28.Nxg5 Bxg5 29.Bxg5 Ra2 30.Rxa2 Qxa2
31.Qg4 Qa5 32.Re2 Qb4 33.Bf6 Qf8 34.h6 g6 35.Bg5 Qb4 36.Kg2 Qa4 37.c4 dxc4
38.Qxd4 Qc6+ 39.Kh2 c3 40.Rc2 Qc7 41.f4 Nf8 42.Bg2 b5 43.Qb4 Qc5 44.Qxc5 Rxc5
45.Be7 Rc8 46.Bb4 g5 47.fxg5 Bxd3 48.Rxc3 Rxc3 49.Bxc3 Kh7 50.Bb4  1/2-1/2

[Event "Leeuwarden op"]
[Site "Leeuwarden"]
[Date "1994.??.??"]
[Round "5"]
[White "Hartoch, Robert G"]
[Black "Hodgson, Julian M"]
[Result "0-1"]
[WhiteElo "2345"]
[BlackElo "2580"]

1.Nf3 d5 2.g3 Bg4 3.Bg2 Nd7 4.O-O e5 5.d3 Ngf6 6.Qe1 Bc5 7.e4 dxe4 8.dxe4 a5
9.Nbd2 O-O 10.h3 Bh5 11.a4 Re8 12.Nb3 Bb4 13.Bd2 Bxd2 14.Nfxd2 Re6 15.f3 Rc6
16.c3 Ne8 17.Qe3 f6 18.Rfd1 Bf7 19.Bf1 Nd6 20.c4 b6 21.Rac1 Nb7 22.Nb1 Qe7
23.Nc3 Ndc5 24.Nd5 Qf8 25.Nxc5 Nxc5 26.b3 Rd8 27.Rd2 Rcd6 28.Rcd1 c6 29.Nxb6 Rxd2
30.Rxd2 Rxd2 31.Qxd2 Nxb3 32.Qd7 Nd4 33.Bg2 Be6 34.Qa7 Qc5 35.Kh2 Ne2 36.Nc8 Qxa7
37.Nxa7 Bd7 38.h4 Kf7 39.Bh3 Ke7 40.Nc8+ Bxc8 41.Bxc8 Nc3  0-1

[Event "Leeuwarden op"]
[Site "Leeuwarden"]
[Date "1994.??.??"]
[Round "7"]
[White "Hodgson, Julian M"]
[Black "Sherbakov, Ruslan"]
[Result "1/2-1/2"]
[WhiteElo "2580"]
[BlackElo "2510"]

1.Nf3 d5 2.g3 Bg4 3.Ne5 Bf5 4.c4 Nd7 5.Nxd7 Qxd7 6.cxd5 Qxd5 7.Rg1 Bxb1 8.Bg2 Be4
9.Qa4+ c6 10.Bxe4 Qd7 11.b3 Nf6 12.Bf3 g6 13.Bb2 Bg7 14.O-O-O O-O 15.Qd4 Qc7
16.Qb4 Qd7 17.Qd4 Qc7 18.Qf4 Qd7  1/2-1/2

[Event "VfB op 1st"]
[Site "Leipzig"]
[Date "1994.??.??"]
[Round "?"]
[White "Kralisch, Michael"]
[Black "Neumeyer, Andreas"]
[Result "0-1"]
[WhiteElo "1940"]
[BlackElo "2155"]

1.Nf3 d5 2.g3 Nf6 3.Bg2 Bg4 4.d4 e6 5.O-O Nbd7 6.c4 c6 7.b3 Be7 8.Nbd2 O-O
9.Bb2 b5 10.Ne5 Nxe5 11.dxe5 Nd7 12.h3 Bh5 13.g4 Bg6 14.cxb5 cxb5 15.e4 Nb6
16.Qe2 Rb8 17.f4 Bxe4 18.Nxe4 dxe4 19.Bxe4 Bc5+ 20.Kh2 Qh4 21.Rac1 Rfc8 22.Rc2 Bb4
23.Rfc1 Rxc2 24.Qxc2 Rd8 25.Bg2 h5 26.Rd1 hxg4 27.Rxd8+ Qxd8 28.hxg4 Qh4+
29.Bh3 Qe1 30.Bc1 Bc3 31.Bg2 b4 32.Qd3 Nd5 33.Bxd5 Qxc1 34.Qc4 Bd2 35.Kg3 g5  0-1

[Event "Liechtenstein op"]
[Site "Liechtenstein"]
[Date "1994.??.??"]
[Round "6"]
[White "Cvitan, Ognjen"]
[Black "Howell, James C"]
[Result "1-0"]
[WhiteElo "2570"]
[BlackElo "2495"]

1.Nf3 d5 2.g3 c6 3.Bg2 Bg4 4.O-O Nd7 5.d3 Ngf6 6.Nbd2 e5 7.e4 dxe4 8.dxe4 Bc5
9.h3 Bh5 10.a4 O-O 11.Qe2 Re8 12.Qc4 Bf8 13.Nh4 Nc5 14.Nb3 Nfd7 15.Nxc5 Nxc5
16.Be3 Ne6 17.Bf3 Bxf3 18.Nxf3 Qc7 19.Rfd1 b6 20.Rd2 Rad8 21.Rad1 Rxd2 22.Rxd2 Bc5
23.Bxc5 Nxc5 24.a5 Ne6 25.b4 bxa5 26.bxa5 Rd8 27.Rxd8+ Nxd8 28.Qc5 f6 29.Nd2 Ne6
30.Qc4 Kf7 31.Nb3 Ke7 32.Nc5 Nxc5 33.Qxc5+ Ke8 34.a6 Qd7 35.h4 Kd8 36.h5 h6
37.c4 Qd1+ 38.Kg2 Qd7 39.Qf8+ Kc7 40.c5 Qg4 41.f3 Qd7 42.Qa8 Qd2+ 43.Kh3 Qd7+
44.Kh4  1-0

[Event "Linares NL"]
[Site "Linares"]
[Date "1994.??.??"]
[Round "1"]
[White "Sunye Neto, Jaime"]
[Black "Garcia, Gildardo"]
[Result "1-0"]
[WhiteElo "2535"]
[BlackElo "2540"]

1.Nf3 d5 2.g3 Nf6 3.Bg2 e6 4.O-O Be7 5.d3 b6 6.b3 Bb7 7.Bb2 O-O 8.c4 c5 9.e3 Nc6
10.Qe2 Qc7 11.Nbd2 Rad8 12.Rfd1 Rfe8 13.a3 a5 14.d4 a4 15.cxd5 exd5 16.dxc5 bxc5
17.b4 d4 18.exd4 cxb4 19.Qc4 bxa3 20.Bxa3 Bxa3 21.Rxa3 Nd5 22.Qxa4 Nb6 23.Qc2 h6
24.Rb3 Nd5 25.Rc1 Ba8 26.Qb2 Qd7 27.Nc4 Qe6 28.Nfe5 Nxe5 29.Nxe5 Ne7 30.Rb6 Qf5
31.Bxa8 Rxa8 32.Rb7 Qe6 33.Rcc7 Rac8 34.Qb5 f6 35.Nd3 Nf5 36.d5 Qe4 37.d6 Rcd8
38.d7 Re7 39.Rc8 Kh7  1-0

[Event "MEX-ch playoff"]
[Site "Linares"]
[Date "1994.??.??"]
[Round "1"]
[White "Hernandez, Gilberto"]
[Black "Espinoza Flores, Rafael"]
[Result "1-0"]
[WhiteElo "2510"]
[BlackElo "2410"]

1.Nf3 d5 2.g3 Nf6 3.Bg2 c6 4.O-O Bf5 5.d3 e6 6.Nfd2 e5 7.e4 dxe4 8.dxe4 Bg4
9.f3 Be6 10.Qe2 Bc5+ 11.Kh1 h5 12.h3 h4 13.g4 Nbd7 14.Nb3 Bb6 15.Nc3 Qe7
16.f4 exf4 17.Bxf4 Bxb3 18.axb3 Ne5 19.Bxe5 Qxe5 20.Rf5 Qe7 21.e5 Nd7 22.Re1 O-O
23.e6 fxe6 24.Qxe6+ Qxe6 25.Rxe6 Rxf5 26.gxf5 Rf8 27.Re7 Nc5 28.b4 Bd8 29.Re2 Nd7
30.b5 cxb5 31.Nxb5 Rxf5 32.Nxa7 Bf6 33.Bxb7 Bxb2 34.Nc6 Rf1+ 35.Kg2 Rd1 36.Ne7+ Kf7
37.Bd5+ Kf6 38.c4 Ne5 39.Ng8+ Kf5 40.Rxb2 Nd3 41.Ne7+ Kg5 42.Ra2 Nf4+ 43.Kh2 Kf6
44.Bf3 Rd3 45.Nd5+ Ke5 46.Nxf4 Rxf3 47.Ng6+ Kf6 48.Nxh4 Rf4 49.Ra6+ Kg5 50.Kg3 Rxc4
51.Rg6+ Kh5 52.Rxg7  1-0

[Event "Linares NL"]
[Site "Linares"]
[Date "1994.??.??"]
[Round "3"]
[White "Sunye Neto, Jaime"]
[Black "Vera, Reynaldo"]
[Result "1-0"]
[WhiteElo "2535"]
[BlackElo "2485"]

1.Nf3 d5 2.g3 c6 3.Bg2 Bg4 4.b3 Nd7 5.Bb2 Ngf6 6.O-O e6 7.d3 Bd6 8.Nbd2 Qe7
9.a3 O-O 10.h3 Bh5 11.Qe1 Rfe8 12.e4 dxe4 13.dxe4 Bxf3 14.Nxf3 e5 15.Nd2 a5
16.Qe2 Bc5 17.Rfd1 h5 18.Nf3 g6 19.c3 Nh7 20.b4 Bb6 21.c4 Nhf8 22.c5 Bc7
23.Qc2 Red8 24.Bf1 Ne6 25.Bc4 Ng5 26.Nxg5 Qxg5 27.h4 Qe7 28.Kg2 Nf8 29.Rxd8 Rxd8
30.Rd1 Rxd1 31.Qxd1 axb4 32.axb4 b6 33.cxb6 Bxb6 34.Bc3 Nd7 35.Qd2 Kh7 36.Bb3 f6
37.Qd3 Nb8 38.Qc4 Qf8 39.Qe6 Kg7 40.Bc4 Bc7 41.b5 Bd6 42.bxc6  1-0

[Event "Linares op"]
[Site "Linares"]
[Date "1994.??.??"]
[Round "5"]
[White "Damljanovic, Branko"]
[Black "Rodriguez Vargas, Orestes"]
[Result "1/2-1/2"]
[WhiteElo "2560"]
[BlackElo "2440"]

1.Nf3 d5 2.g3 c6 3.Bg2 Bg4 4.b3 Nd7 5.Bb2 Ngf6 6.O-O h5 7.d3 Bxf3 8.Bxf3 h4
9.Nd2 e6 10.e4 Qc7 11.Qe2 dxe4 12.Nxe4 Nxe4 13.Bxe4 O-O-O 14.d4 Bd6 15.Bg2 Rh7
16.c4 hxg3 17.hxg3 Rdh8 18.Qf3 Nf6 19.d5 exd5 20.Bxf6 gxf6 21.cxd5 c5 22.Rac1 Kb8
23.Rc4 Qd8 24.Re1 a6 25.Rce4 Ka7 26.a3 Rh6 27.a4 Qd7 28.Rg4 Rh5 29.Rg7 R5h6
30.a5 Re8 31.Rxe8 Qxe8 32.Qg4 Qe7 33.Qe4 Qf8 34.Rg4 Rh5 35.Qe3 Re5 36.Re4 Qe7
37.Qd3 Qd8 38.Rxe5 fxe5 39.Qc3 Qg5 40.Kf1 Qg4 41.Qf3 Qxf3 42.Bxf3 Kb8 43.Ke2 Kc7
44.Kd3 Kd8 45.Be4 Bc7 46.d6 Bxa5 47.Bxb7 Kd7 48.Bxa6  1/2-1/2

[Event "Linares op"]
[Site "Linares"]
[Date "1994.??.??"]
[Round "7"]
[White "Ubilava, Elizbar"]
[Black "Rodriguez Vargas, Orestes"]
[Result "0-1"]
[WhiteElo "2535"]
[BlackElo "2440"]

1.Nf3 d5 2.g3 Nf6 3.Bg2 c6 4.O-O Bg4 5.d3 Nbd7 6.Nbd2 e5 7.h3 Bh5 8.Nh4 Bc5
9.Qe1 O-O 10.e4 Re8 11.Nb3 Bf8 12.Bg5 Qc7 13.a4 a5 14.Kh1 b6 15.Nf5 Bg6 16.Qe2 h6
17.Bd2 Bxf5 18.exf5 Rad8 19.Rg1 c5 20.Be3 Bd6 21.g4 e4 22.Bc1 d4 23.dxe4 Bf4
24.Bxf4 Qxf4 25.Rae1 d3 26.cxd3 Ne5 27.Qe3 Qxe3 28.Rxe3 Nxd3 29.Rf1 Nxb2
30.e5 Nd5 31.Bxd5 Rxd5 32.e6 fxe6 33.fxe6 Rd6 34.e7 Nxa4 35.Rfe1 c4 36.Nc1 Nc5
37.f4 Kf7 38.Na2 Rd7 39.Nc3 Rdxe7 40.Rxe7+ Rxe7  0-1

[Event "EU-ch U20 Girls"]
[Site "Litomysl"]
[Date "1994.??.??"]
[Round "10"]
[White "Danielian, Elina"]
[Black "Aleksieva, Silvia"]
[Result "1/2-1/2"]
[WhiteElo "2295"]
[BlackElo "2240"]

1.Nf3 d5 2.g3 e6 3.Bg2 Nf6 4.O-O Be7 5.d3 c5 6.Nbd2 Nc6 7.c3 b6 8.Qc2 a5
9.e4 Ba6 10.Rd1 O-O 11.Nf1 Rc8 12.exd5 Nxd5 13.Ne3 b5 14.d4 Nxe3 15.Bxe3 cxd4
16.Nxd4 Nxd4 17.Rxd4 Qc7 18.Rad1 Rfd8 19.Qe4 b4 20.Bf4 Qb6 21.cxb4 axb4 22.Rxd8+ Rxd8
23.Rxd8+ Qxd8 24.Qa8 Qxa8 25.Bxa8 Bc4 26.b3 Bd3 27.f3  1/2-1/2

[Event "Lloyds Bank op"]
[Site "London"]
[Date "1994.??.??"]
[Round "2"]
[White "Summerscale, Aaron"]
[Black "Sadler, Matthew"]
[Result "0-1"]
[WhiteElo "2440"]
[BlackElo "2560"]

1.Nf3 d5 2.g3 c6 3.Bg2 Nf6 4.c4 dxc4 5.a4 Na6 6.Na3 Qd5 7.O-O Nb4 8.Ne1 Qc5
9.b3 cxb3 10.d4 Qh5 11.Qxb3 a5 12.e4 Bh3 13.f3 Bxg2 14.Nxg2 e5 15.g4 Qh3
16.Rb1 h5 17.g5 Nd7 18.Nc4 b5 19.Nxe5 Nxe5 20.dxe5 Bc5+ 21.Be3 bxa4 22.Qxa4 Bxe3+
23.Nxe3 O-O 24.Nf5 g6 25.Nd6 Nd3 26.Qxc6 Nf4 27.Qc2 a4 28.Qa2 Ra7 29.Rb7 Rxb7
30.Nxb7 Rb8 31.Nc5 a3 32.Rf2 Qc8 33.Qxa3 Rb1+ 34.Rf1 Qh3 35.Qa8+ Kh7  0-1

[Event "Lloyds Bank op"]
[Site "London"]
[Date "1994.??.??"]
[Round "2"]
[White "McNab, Colin Anderson"]
[Black "Shabalov, Alexander"]
[Result "1-0"]
[WhiteElo "2465"]
[BlackElo "2600"]

1.Nf3 d5 2.g3 Bg4 3.Bg2 Nd7 4.h3 Bh5 5.d3 e6 6.O-O Bd6 7.Qe1 Ne7 8.e4 c6
9.Nbd2 O-O 10.b3 c5 11.Bb2 Nc6 12.c3 a5 13.a4 Kh8 14.d4 f5 15.exd5 exd5 16.c4 Nb4
17.cxd5 Nc2 18.Qc1 Nxa1 19.Qxa1 Bxf3 20.Nxf3 cxd4 21.Nxd4 Be5 22.Ne6 Bxb2
23.Qxb2 Qf6 24.Qxf6 Rxf6 25.Rc1 Nf8 26.Nd4 Rf7 27.d6 Rd8 28.Nb5 Rfd7 29.Bd5 g6
30.Rc7 Rb8 31.f4 b6 32.Kf2 Rg7 33.Kf3 Rd8 34.Rc6 Nd7 35.Nd4 Nc5 36.Rxb6 Rgd7
37.Nb5 Kg7 38.Ke3 Kf6 39.Kd4 Rc8 40.Nc7  1-0

[Event "Lloyds Bank op"]
[Site "London"]
[Date "1994.??.??"]
[Round "2"]
[White "Markowski, Tomasz"]
[Black "Chernin, Alexander"]
[Result "0-1"]
[WhiteElo "2475"]
[BlackElo "2615"]

1.g3 d5 2.Nf3 Bg4 3.Bg2 c6 4.b3 Nd7 5.Bb2 e6 6.d3 Ngf6 7.O-O Bc5 8.Nbd2 O-O
9.a3 a5 10.h3 Bh5 11.e4 b5 12.Qe2 Ne8 13.Kh1 Nc7 14.Qe1 Bb6 15.Rb1 c5 16.Ng1 f6
17.f4 a4 18.b4 cxb4 19.axb4 d4 20.e5 fxe5 21.fxe5 Rxf1 22.Nxf1 Rc8 23.g4 Be8
24.Nf3 Nb8 25.Qf2 Nc6 26.Ng3 Bg6 27.Ne2 Nd5 28.Nexd4 Ndxb4 29.Qd2 Bxd4 30.Nxd4 Nxd4
31.Qxb4 Nxc2 32.Qxb5 a3 33.Bb7 Bxd3 34.Qa4 Rc7  0-1

[Event "Lloyds Bank op"]
[Site "London"]
[Date "1994.??.??"]
[Round "10"]
[White "Markowski, Tomasz"]
[Black "Savchenko, Stanislav"]
[Result "1-0"]
[WhiteElo "2475"]
[BlackElo "2570"]

1.g3 d5 2.Nf3 c5 3.Bg2 Nc6 4.O-O e5 5.c4 d4 6.d3 Bd6 7.e3 Nge7 8.exd4 cxd4
9.a3 O-O 10.Nbd2 a5 11.Re1 Ng6 12.Qc2 Bg4 13.Rb1 Rc8 14.Qa4 Bd7 15.Qb3 b6
16.Ne4 Be7 17.h4 h6 18.Ned2 Qc7 19.Nf1 Bc5 20.Qd1 Rce8 21.Bd2 Qd6 22.h5 Nge7
23.b4 axb4 24.axb4 Nxb4 25.Nxe5 Bf5 26.Qb3 Nec6 27.Nxc6 Nxc6 28.Bf4 Qd7 29.Nd2 Na5
30.Qc2 Bh3 31.Bh1 Rxe1+ 32.Rxe1 Re8 33.Rxe8+ Qxe8 34.Ne4 f5 35.Nxc5 bxc5
36.Qd2 Nc6 37.Bd6 Bg4 38.Bxc5 Ne5 39.Qf4 Nxd3 40.Qxd4 Ne5 41.Qd5+ Kh7 42.Bd4 Nd3
43.Qb7 Qe1+ 44.Kh2 Ne5 45.Qd5 Nd3 46.Qf7 Ne5 47.Bxe5 Qxe5 48.Bd5 Qb8 49.c5  1-0

[Event "London op"]
[Site "London"]
[Date "1994.??.??"]
[Round "10"]
[White "Ledger, Andrew"]
[Black "Kennaugh, Charles"]
[Result "1-0"]
[WhiteElo "2380"]
[BlackElo "2295"]

1.Nf3 d5 2.g3 g6 3.Bg2 Bg7 4.d4 Nd7 5.c4 dxc4 6.Qa4 c5 7.dxc5 Qc7 8.Na3 a6
9.O-O c3 10.b4 Kf8 11.Bf4 e5 12.Be3 Ne7 13.Qb3 Nf5 14.Ng5 Nf6 15.Qxc3 h6
16.Ne4 Nd5 17.Qd2 Be6 18.Rad1 Ke7 19.Nc4 Rhd8 20.Ncd6 Nd4 21.Bxh6 Bxh6 22.Qxh6 Nxe2+
23.Kh1 Rh8 24.Qg7 Rag8 25.Qxe5 f6 26.Nxf6 Rxh2+ 27.Kxh2 Rh8+ 28.Bh3 Rxh3+
29.Kg2 Nec3 30.Nxd5+ Nxd5 31.Qg7+  1-0

[Event "EUCup Gr3"]
[Site "Lubniewice"]
[Date "1994.??.??"]
[Round "1"]
[White "Petran, Peter"]
[Black "Krivonosov, Oleg"]
[Result "1/2-1/2"]
[WhiteElo "2445"]
[BlackElo "2405"]

1.g3 d5 2.Nf3 Nf6 3.Bg2 e6 4.O-O Be7 5.d3 c5 6.Nbd2 Nc6 7.e4 O-O 8.Re1 b5
9.c3 a5 10.a3 Ba6 11.Bf1 a4 12.e5 Nd7 13.d4 cxd4 14.cxd4 Nb6 15.Bd3 b4 16.Bxa6 Rxa6
17.axb4 Nxb4 18.Re3 Qd7 19.Rc3 Rc8 20.Nb1 Raa8 21.b3 axb3 22.Rxa8 Rxa8 23.Qxb3 Nc4
24.Na3 Na5 25.Qb1 Rc8 26.Rxc8+ Qxc8 27.Bd2  1/2-1/2

[Event "SWZ-ch op"]
[Site "Luzern"]
[Date "1994.??.??"]
[Round "?"]
[White "Habibi, Ali"]
[Black "Savchenko, Stanislav"]
[Result "0-1"]
[WhiteElo "2215"]
[BlackElo "2570"]

1.Nf3 d5 2.g3 c6 3.Bg2 Bg4 4.d3 e6 5.Nbd2 Bd6 6.O-O Nd7 7.Qe1 Ne7 8.e4 O-O
9.h3 Bh5 10.Nh4 dxe4 11.dxe4 f6 12.Nc4 Bc7 13.Be3 b5 14.Nd2 e5 15.a4 a6 16.Ra3 Bf7
17.Qa1 g6 18.Rd1 Qc8 19.Rd3 Be6 20.Qa3 Re8 21.a5 c5 22.Bxc5 Nxc5 23.Qxc5 Bxa5
24.Qxc8 Rexc8 25.Ra1 Bb6 26.Rd6 Rc6 27.Rxc6 Nxc6 28.c3 Kf7 29.Bf1 Ra7 30.Nhf3 Ke7
31.g4 Nb8 32.Be2 Rd7 33.Nf1 Rd6 34.Kg2 Bc8 35.Ne1 Bb7 36.f3 Nd7 37.Nd3 Nf8
38.Nb4 Ne6 39.Kg3 Nf4 40.Bd1 h5 41.Bc2 a5 42.Nd5+ Bxd5 43.exd5 h4+ 44.Kh2 Rxd5
45.Be4 Rd6 46.b3 Ke6 47.c4 f5 48.Bb7 Rd3 49.Rb1 b4  0-1

[Event "EUCup f"]
[Site "Lyon"]
[Date "1994.??.??"]
[Round "?"]
[White "Dizdarevic, Emir"]
[Black "Petran, Pal"]
[Result "1/2-1/2"]
[WhiteElo "2495"]
[BlackElo "2480"]

1.Nf3 d5 2.g3 c6 3.Bg2 Nf6 4.O-O Bg4 5.d4 Nbd7 6.Nbd2 e6 7.Re1 Be7 8.e4 dxe4
9.Nxe4 O-O 10.c3 Re8 11.Qb3 Nxe4 12.Rxe4 Bf5 13.Re1 Qb6 14.Nd2 Bd3 15.Nc4 Qa6
16.Ne3 Nb6 17.a4 Nd5 18.Ng4 Bf5 19.Ne5 Qb6 20.Qd1 Rad8 21.h4 h6 22.Qh5 Rf8
23.Qe2 Bh7 24.a5 Qc7 25.Qc4 a6 26.b4 Kh8 27.Bd2 Bd6 28.Qb3 Nf6 29.Rad1 Qb8
30.Bc1 Nd7 31.Bf4 Nxe5 32.Bxe5 Bxe5 33.Rxe5 Rd6 34.Rde1 Qc7 35.Qb2 Bg8 36.Qe2 Rfd8
37.f4 f6 38.Re3 f5 39.Qf3 Qf7 40.Bf1 Qf6 41.Bc4  1/2-1/2

[Event "Maidstone Menchik op"]
[Site "Maidstone"]
[Date "1994.??.??"]
[Round "8"]
[White "McNab, Colin Anderson"]
[Black "Velicka, Petr"]
[Result "1/2-1/2"]
[WhiteElo "2460"]
[BlackElo "2415"]

1.Nf3 d5 2.g3 Nf6 3.Bg2 Bg4 4.d3 e6 5.h3 Bh5 6.O-O Be7 7.Nbd2 O-O 8.e4 dxe4
9.dxe4 Nc6 10.b3 Nd7 11.Bb2 Bf6 12.Qc1 Bxb2 13.Qxb2 Qf6 14.c3 e5 15.Nh4 Nc5
16.Nc4 Nd3 17.Qc2 Nf4 18.Ne3 Nxg2 19.Kxg2 Ne7 20.Nhf5 Nxf5 21.Nxf5 g6 22.Nh6+ Kg7
23.Ng4 Bxg4 24.hxg4 Rad8 25.Rad1 Rxd1 26.Rxd1 Rd8 27.Rxd8  1/2-1/2

[Event "Makarska"]
[Site "Makarska"]
[Date "1994.??.??"]
[Round "?"]
[White "Dizdar, Goran"]
[Black "Gyorkos, Lajos"]
[Result "1-0"]
[WhiteElo "2465"]
[BlackElo "2415"]

1.g3 d5 2.Nf3 e6 3.c4 g6 4.Bg2 Bg7 5.O-O Ne7 6.d4 Nbc6 7.e3 O-O 8.Nc3 a6
9.Qe2 dxc4 10.Qxc4 b5 11.Qe2 Bb7 12.Ne4 Na5 13.Nc5 Bd5 14.b3 Nb7 15.Ba3 Nxc5
16.Bxc5 Re8 17.Rfd1 Nc8 18.Ne1 Bxg2 19.Kxg2 Nd6 20.Nd3 Nb7 21.Rac1 Qd5+ 22.Qf3 Red8
23.Ba3 Qxf3+ 24.Kxf3 Rd7 25.Rc6 e5 26.dxe5 Bxe5 27.Ke2 Bd6 28.Bxd6 cxd6 29.Nb4 a5
30.Nd5 Rdd8 31.Rb6 Nc5 32.Rxb5 Kg7 33.Rb6 Rac8 34.Ne7 Rc7 35.Nd5 Rcc8 36.Rc1 Rd7
37.Rc2 Ra8 38.h3 h5 39.Rc4 Re8 40.Rxc5 dxc5 41.Nf6 Red8 42.Nxd7 Rxd7 43.Rb5 a4
44.Rxc5 axb3 45.axb3 Rb7 46.Rc3 Kf6 47.Kd3 Ke5 48.Rc5+ Kd6 49.Kc4 Ra7 50.Rd5+ Ke6
51.Rd2 Rc7+ 52.Kd4 Rb7 53.Kc3 Rc7+ 54.Kb2 Rb7 55.Rd4  1-0

[Event "CRO-chT"]
[Site "Makarska"]
[Date "1994.??.??"]
[Round "3"]
[White "Stevic, Hrvoje"]
[Black "Vlahov, Davor"]
[Result "0-1"]
[WhiteElo "2200"]
[BlackElo "2275"]

1.Nf3 d5 2.g3 c6 3.Bg2 Nf6 4.O-O Bf5 5.d3 e6 6.b3 Be7 7.Bb2 O-O 8.Nbd2 Nbd7
9.Qe1 Nc5 10.Ne5 h6 11.e4 Bh7 12.h3 a5 13.a4 Qc7 14.f4 dxe4 15.Nxe4 Nfxe4
16.dxe4 Bf6 17.Kh2 Rfd8 18.Bc3 Nd7 19.Nc4 Bxc3 20.Qxc3 b5 21.Nb2 b4 22.Qf3 e5
23.f5 f6 24.Rf2 Nb6 25.Rg1 Kf8 26.h4 Bg8 27.g4 c5 28.g5 hxg5 29.hxg5 c4 30.gxf6 gxf6
31.Qe3 Bf7 32.bxc4 Nxc4 33.Nxc4 Qxc4 34.Qb6 Qa6 35.Qe3 Qa7 36.Qe2 Ke7 37.Bh3 Qc5
38.Rg3 Qc4 39.Qe3 Qd4 40.Qf3 Rac8 41.Rg7 Rg8 42.Rh7 Rxc2 43.Rg2 Rgxg2+ 44.Bxg2 Qf2
45.Qh3 Qf4+ 46.Kg1 Rc1+ 47.Bf1 Qg5+ 48.Kh2 Rc3 49.Qg2  0-1

[Event "CRO-chT"]
[Site "Makarska"]
[Date "1994.??.??"]
[Round "4"]
[White "Bocina, Marija"]
[Black "Puljek Salai, Zorica"]
[Result "0-1"]
[WhiteElo "2025"]
[BlackElo "2230"]

1.Nf3 d5 2.g3 Nf6 3.Bg2 Bg4 4.O-O Nbd7 5.d4 e6 6.c3 c5 7.dxc5 Bxc5 8.Nbd2 O-O
9.Nb3 Bb6 10.Bg5 h6 11.Bf4 Re8 12.Ne5 Nxe5 13.Bxe5 a5 14.Bxf6 Qxf6 15.Qd2 a4
16.Nd4 a3 17.e3 Bc5 18.b3 Bxd4 19.cxd4 Qe7 20.Rac1 Rec8 21.Rc3 Bf5 22.Rfc1 Qd7
23.Bf1 Be4 24.Bd3 Rxc3 25.Qxc3 Bxd3 26.Qxd3 Rc8 27.Qd2 Rc6 28.Rxc6 Qxc6 29.Kf1 b5
30.Ke2 Qd6 31.Qd3 b4 32.Kd2 e5 33.f3 Qf6 34.f4 exd4 35.exd4 Qc6 36.Qe3 Kf8
37.Qd3 Kg8 38.Qe3 Qc8 39.Qd3 Qh3 40.Qe2 Kf8 41.Ke3 Qc8 42.Qd2 Qe6+ 43.Kf2 Qb6
44.Ke3 Kg8 45.Ke2 Qg6 46.Qd3 Qh5+ 47.Qf3 Qxh2+ 48.Qf2 Qxf2+ 49.Kxf2 h5 50.f5 f6
51.g4 hxg4 52.Kg3 Kh7 53.Kxg4 Kh6 54.Kh4 g6 55.fxg6 Kxg6 56.Kg4 f5+ 57.Kh4  0-1

[Event "CRO-chT"]
[Site "Makarska"]
[Date "1994.??.??"]
[Round "5"]
[White "Vukovic, Zdravko"]
[Black "Puljek Salai, Zorica"]
[Result "1/2-1/2"]
[WhiteElo "2435"]
[BlackElo "2230"]

1.Nf3 d5 2.g3 Bg4 3.Bg2 c6 4.d3 Nd7 5.Nbd2 e5 6.c3 Bd6 7.Qc2 Ngf6 8.O-O O-O
9.e4 Re8 10.Re1 Nf8 11.Nf1 Qd7 12.Ne3 Bxf3 13.Bxf3 g6 14.exd5 cxd5 15.Nxd5 Nxd5
16.Bxd5 Bc5 17.Bg2 Rad8 18.Be3 Bxe3 19.Rxe3 b6 20.Rd1 Qc7 21.d4  1/2-1/2

[Event "CRO-chT"]
[Site "Makarska"]
[Date "1994.??.??"]
[Round "6"]
[White "Dizdarevic, Emir"]
[Black "Horvath, Csaba"]
[Result "1-0"]
[WhiteElo "2515"]
[BlackElo "2535"]

1.Nf3 d5 2.g3 g6 3.Bg2 Bg7 4.d4 Nf6 5.O-O c6 6.Bf4 O-O 7.Qc1 Bg4 8.Nbd2 Ne4
9.Re1 Nxd2 10.Qxd2 Nd7 11.e4 dxe4 12.Rxe4 Bxf3 13.Bxf3 e5 14.dxe5 Nxe5 15.Be2 Qb6
16.Qb4 Nd7 17.Be3 Qc7 18.Rd1 c5 19.Qb5 Nf6 20.Bf4 a6 21.Qb3 Qc8 22.Re7 b5
23.Bf3 c4 24.Qe3 Qf5 25.Bxa8 Rxa8 26.Qe2 h6 27.Be5 Rf8 28.Bxf6 Qxf6 29.c3 Kh7
30.Rdd7 Qf5 31.Kg2  1-0

[Event "CRO-chT"]
[Site "Makarska"]
[Date "1994.??.??"]
[Round "7"]
[White "Dizdar, Goran"]
[Black "Zecevic, Dean"]
[Result "1-0"]
[WhiteElo "2500"]
[BlackElo "2345"]

1.Nf3 d5 2.g3 c6 3.Bg2 Nf6 4.O-O Bf5 5.d3 e6 6.c4 Be7 7.Be3 dxc4 8.dxc4 Nbd7
9.Nc3 O-O 10.h3 h6 11.Qc1 Bh7 12.Rd1 Qc7 13.b3 Rfd8 14.Qb2 e5 15.b4 Nf8 16.Na4 N6d7
17.c5 Ne6 18.Nd2 Bf6 19.Nc4 a5 20.a3 axb4 21.axb4 e4 22.Nc3 Rxa1 23.Qxa1 Bg6
24.Qa3 Bxc3 25.Qxc3 Ra8 26.Ra1 Qb8 27.Ra3 Nf6 28.Qe5 Qd8 29.Rxa8 Qxa8 30.Nd6 Nd5
31.Bxe4 Bxe4 32.Qxe4 Qa1+ 33.Kg2 Qb2 34.Qf3 Nxe3+ 35.fxe3 Ng5 36.Qg4 h5 37.Qc4 Ne6
38.Nxb7 Qd2 39.Nd6 Qxe3 40.Qe4 Qd2 41.h4 g6 42.Kf2 Kf8 43.Qxc6 Kg7 44.Qd7 Qd4+
45.Kg2 Qd5+ 46.Kh2  1-0

[Event "CRO-chT"]
[Site "Makarska"]
[Date "1994.??.??"]
[Round "7"]
[White "Bocina, Marija"]
[Black "Bazaj Bockai, Snjezana"]
[Result "0-1"]
[WhiteElo "2025"]
[BlackElo "2195"]

1.Nf3 d5 2.g3 Nf6 3.Bg2 c5 4.d4 cxd4 5.Nxd4 e5 6.Nf3 Nc6 7.c3 Be7 8.O-O O-O
9.Bg5 Bg4 10.Re1 h6 11.Bxf6 Bxf6 12.Qb3 e4 13.Nfd2 Qd7 14.e3 Ne5 15.Na3 Nd3
16.Reb1 Qf5 17.Rf1 Be2 18.Nc2 Bxf1 19.Rxf1 Qd7 20.Nb4 Nxb4 21.Qxb4 a5 22.Qb3 a4
23.Qd1 Rfd8 24.a3 b5 25.Nb1 Qe7 26.Re1 Ra6 27.Qe2 Rb6 28.Rd1 Be5 29.Qh5 Kh7
30.Qe2 f5 31.Qc2 g6 32.Qe2 Bf6 33.Qe1 Be5 34.Qe2 g5 35.Qe1 f4 36.exf4 gxf4
37.Rxd5 e3 38.fxe3 fxg3 39.hxg3 Rg8 40.Qd1 Qg5 41.Rd7+ Kh8 42.Qd3 Rgg6 43.e4 Bxg3
44.Qf3 Rgf6 45.Rd5 Be5 46.Qe2 Qf4  0-1

[Event "Mar del Plata op"]
[Site "Mar del Plata"]
[Date "1994.??.??"]
[Round "6"]
[White "Bertaccini, Daniel"]
[Black "Vasta, Eduardo"]
[Result "1/2-1/2"]
[WhiteElo "2225"]
[BlackElo "2400"]

1.Nf3 d5 2.g3 g6 3.Bg2 Bg7 4.d4 c5 5.O-O cxd4 6.Nxd4 e5 7.Nb3 Ne7 8.c4 d4
9.e3 O-O 10.exd4 exd4 11.Bf4 Nbc6 12.Qd2 Nf5 13.Na3 a6 14.Rac1 d3 15.Nc5 Nfd4
16.Nxd3 Bg4 17.f3 Bf5 18.Rcd1 Ne6 19.Be3 Qf6 20.Qf2 Rfd8 21.Nc5 Nxc5 22.Bxc5 Qxb2
23.f4 Rac8 24.Bd5 h5 25.Rd2 Qc3 26.Nc2 Bd3 27.f5 Bxf5 28.Ne3 Nd4 29.Nxf5 Nxf5
30.Kh1 Rxc5 31.Bxf7+ Kxf7 32.Rxd8 Qxc4 33.Re1 Rd5 34.Rde8 Bf6 35.Qb6 Rb5
36.Rf8+ Kxf8 37.Qxf6+ Qf7 38.Qh8+ Qg8 39.Qf6+  1/2-1/2

[Event "Mar del Plata op"]
[Site "Mar del Plata"]
[Date "1994.??.??"]
[Round "9"]
[White "Sunye Neto, Jaime"]
[Black "Gomez Baillo, Jorge H"]
[Result "1-0"]
[WhiteElo "2530"]
[BlackElo "2415"]

1.Nf3 d5 2.g3 c6 3.Bg2 Bg4 4.O-O Nd7 5.d3 Ngf6 6.h3 Bh5 7.Nbd2 e6 8.e4 Bd6
9.Qe2 Qc7 10.Re1 dxe4 11.dxe4 e5 12.Nc4 Bc5 13.a4 a5 14.Bd2 O-O 15.Bc3 Rfe8
16.b3 Bf8 17.Qe3 b5 18.Ncd2 Bb4 19.Bf1 Qb7 20.Bxb4 axb4 21.c3 Bxf3 22.Qxf3 bxa4
23.bxa4 Nc5 24.a5 Red8 25.cxb4 Qxb4 26.Nc4 Ne6 27.Qa3 Qxa3 28.Rxa3 Nd4 29.Rc1 Nxe4
30.Nxe5 c5 31.Re3 Nd2 32.Rxc5 N4b3 33.Rc7 Rxa5 34.Nc6 Nxf1  1-0

[Event "Marbach"]
[Site "Marbach"]
[Date "1994.??.??"]
[Round "?"]
[White "Giertz, Niklaus"]
[Black "Kraut, Rainer"]
[Result "1/2-1/2"]
[WhiteElo "2270"]
[BlackElo "2420"]

1.Nf3 d5 2.g3 Bg4 3.Bg2 Nd7 4.d3 Ngf6 5.h3 Bh5 6.g4 Bg6 7.Nh4 c6 8.e3 e6
9.Nd2 Qb6 10.Qe2 O-O-O 11.O-O Bd6 12.b3 Bb8 13.Bb2 Qc7 14.f4 h6 15.Nxg6 fxg6
16.Nf3 Rhf8 17.Ne5 g5 18.Nxd7 Rxd7 19.Be5 Qb6  1/2-1/2

[Event "Marbach"]
[Site "Marbach"]
[Date "1994.??.??"]
[Round "?"]
[White "Giertz, Niklaus"]
[Black "Parulava, Temur"]
[Result "0-1"]
[WhiteElo "2270"]
[BlackElo "2300"]

1.Nf3 d5 2.g3 c6 3.b3 Bg4 4.Bg2 Nd7 5.Bb2 Ngf6 6.d3 e6 7.Nbd2 Bd6 8.h3 Bh5
9.g4 Bg6 10.Nh4 a5 11.a3 Be5 12.Bxe5 Nxe5 13.d4 Ned7 14.Nxg6 hxg6 15.e3 Qe7
16.O-O O-O 17.c4 Rfc8 18.c5 e5 19.dxe5 Nxe5 20.b4 g5 21.Qc2 Nfd7 22.Nb3 a4
23.Nd4 g6 24.Qc3 Nf6 25.Rfe1 Ne4 26.Qc2 Nc4 27.f3 Nf6 28.Bf1 Qe5 29.Bxc4 dxc4
30.Kg2 Nd5 31.Qf2 Re8 32.Nc2 Kg7 33.Rad1 Rh8 34.Rh1 Rae8 35.e4 Nf4+ 36.Kf1 Rd8
37.Rd6 Rxd6 38.cxd6 Qxd6 39.Rh2 Qd3+  0-1